000 00629nam a2200157 a 4500
008 200624s2018 ||||||||||||||||| || u
020 _a9781107671683
050 _aHF 5548.8 Vin
100 _aVinchur, Andrew J
245 1 4 _aThe early years of industrial and organizational psychology
_cBy Andrew J. Vinchur
260 _aCambridge
_bCambridge University Press
_c2018
300 _axi, 363 pages
350 _a36.19
650 _aPSYCHOLOGY,INDUSTRIAL--HISTORY
995 _FCBU-MAIN LIBRARY (Kitwe)
_I36.19
_M1
_UAVAILABLE
_WJun 25, 2020
_ZMain Library Open Access Collection
999 _c40613
_d40613